Loading...
Science - Physics | 0 | 6 | 3 | 0 | 45 | 39 | 65.67 | 1 | 4 |
Science - Other Science | 0 | 5 | 1 | 1 | 45 | 31 | 75.40 | 1 | 2 |
Science - Chemistry | 0 | 4 | 0 | 0 | 40 | 50 | 70.25 | 0 | 4 |
Science - Biology | 0 | 4 | 1 | 2 | 35 | 65 | 92.50 | 0 | 2 |
Fine Arts - Classical Music | 0 | 4 | 2 | 0 | 30 | 29 | 69.25 | 1 | 2 |
Fine Arts - Visual Fine Arts | 0 | 3 | 0 | 0 | 30 | 76 | 95.67 | 0 | 1 |
Social Science | 0 | 2 | 0 | 1 | 20 | 54 | 85.00 | 0 | 1 |
Literature - European Literature | 0 | 1 | 0 | 0 | 10 | 87 | 87.00 | 0 | 0 |
History - World History | 0 | 1 | 0 | 0 | 10 | 98 | 98.00 | 0 | 0 |
Fine Arts - Other Fine Arts | 0 | 1 | 0 | 0 | 10 | 118 | 118.00 | 0 | 1 |
Religion | 0 | 0 | 0 | 0 | 0 | 0.00 | 0 | 0 | |
Pop Culture | 0 | 0 | 0 | 0 | 0 | 0.00 | 0 | 0 |